| 000 | 00513nam a2200169 a 4500 | ||
|---|---|---|---|
| 005 | 20140412111250.0 | ||
| 008 | 000825s19uu xx 00 eng d | ||
| 020 | _a0-8037-0617-0 | ||
| 050 |
_aM 222.11 _bM56 1990 |
||
| 100 | _aSherman, Ori | ||
| 245 |
_aThe Creation / _cStephen Mitchell ; paintings by Ori Sherman. |
||
| 260 |
_aNew York : _bDial Books, _c1990. |
||
| 300 | _a1 v. (unp.) ; ill. | ||
| 650 | _aCreation-Biblical teaching | ||
| 650 | _aBible. O.T. Genesis I, I - II, 3-Illus. | ||
| 999 |
_c103098 _d103098 |
||